| 000 | 01847nam0a22003371 4500 | ||
|---|---|---|---|
| 001 | v19\rc\2040247 | ||
| 005 | 20260406205106.0 | ||
| 035 | _a(NLR Aleph) 005117949 | ||
| 090 |
_a7563404 _c7563404 |
||
| 100 | _a20080925d1917 u y0rusy50 ca | ||
| 101 | 0 | _arus | |
| 102 | _aRU | ||
| 105 | _ay z ||||| | ||
| 200 | 1 | _aСпутник избирателя в Учредительное собрание | |
| 210 |
_aПетроград _cЮрид. отд. Петрогр. обл. Всерос. союза городов _d1917 |
||
| 215 |
_a[2], 148 с. _d22 |
||
| 327 | 0 | _aАвторы статей: Б.И. Гольдман, (Б. Горев), Вл. Зензинов, В. Мякотин, Н.И. Коробка, А. Корнилов, М. Лазерсон, Рейн (Абрамович), И. Яшунский | |
| 464 | 0 |
_1701#1$aГорев$bБ. И.$f1874-1937$cпублицист$3RU\NLR\AUTH\770157243$gБорис Исаакович$6z01790 _1701#1$aЗензинов$bВ.М.$f1880-1953$gВладимир Михайлович _1701#1$aМякотин$bВ.А.$f1867-$gВенедикт Александрович _1701#1$aКоробка$bН. И$f1872-1920$gНиколай Иванович$3RU\NLR\AUTH\770275097 _1701#1$aКорнилов$bА. _1701#1$aЛазерсон$bМ. _1701#1$aРейн$6z02790 _1701#1$aЯшунский$bИ.В. |
|
| 712 | 0 | 2 |
_aВсероссийский союз городов _bПетроградский областной комитет _bЮридический отдел _9427552 _3RU\NLR\AUTH\889965648 |
| 801 | 0 |
_aRU _bNLR _gpsbo |
|
| 801 | 0 |
_aRU _bRuMoRGB _2psbo |
|
| 801 | 1 |
_aRU _bProSoft-M _2rusmarc |
|
| 852 |
_aNLR _j17.147.5.29 |
||
| 899 |
_aRuMoRGB _jV 272/233 |
||
| 899 |
_aRuMoRGB _jV 67/545 |
||
| 899 | _aБАН | ||
| 899 | _aНБ СПбГУ | ||
| 899 | _aНБ МГУ | ||
| 942 | _cBOOK | ||
| 980 | _aNB | ||